Players Who Scored 100 Goals or More in La Liga - Statistics

General Stats
  • This quiz has been taken 132 times
  • The average score is 21 of 82
Answer Stats
Position Teams Still Playing? Answer Goals % Correct
1 Barcelona Not in Spain (2004-2021) Lionel Messi 474
100%
2 Real Madrid Not in Spain (2009-2018) Cristiano Ronaldo 311
99%
52 Barcelona, Real Madrid No (1996-2007) Ronaldo 117
99%
7 Real Madrid Yes (2009-2023) Karim Benzema 226
91%
5 Real Madrid No (1994-2010) Raul 228
91%
15 Barcelona, Atletico de Madrid Not in Spain (2014-2022) Luis Suarez 178
88%
13 Real Zaragoza, Valencia CF, Barcelona, Atletico de Madrid No (2003-2014) David Villa 185
82%
17 Real Sociedad, Barcelona, Atletico de Madrid Yes (2010-2023) Antonie Griezmann 164
81%
6 Real Madrid, RCD Espanyol No (1953-1966) Alfredo Di Stefano 227
76%
18 Real Madrid, RCD Mallorca, Barcelona No (1998-2009) Samuel Eto'o 162
72%
76 Atletico de Madrid No (2002-2018) Fernando Torres 102
68%
26 Celta Vigo, Sevilla FC Yes (2012-2023) Iago Aspas 142
65%
21 Real Madrid No (1958-1966) Ferenc Puskas 156
64%
4 Atletico de Madrid, Real Madrid, Rayo Vallecano No (1981-1994) Hugo Sanchez 234
64%
20 Athletic Club, RCD Mallorca, Valencia CF No (2002-2020) Aritz Aduriz 158
59%
48 Real Madrid No (1983-1995) Emilio Butragueño 123
58%
47 Albacete Balompié, Real Zaragoza, Real Madrid, Valencia CF No (1993-2009) Fernando Morientes 124
54%
39 Villareal CF, Atletico de Madrid No (2004-2011) Diego Forlan 128
52%
65 Deportivo la Coruña, Barcelona No (1996-2002) Rivaldo 107
50%
61 CA Osasuna, Atletico de Madrid, Athletic Club Yes (2005-2023) Raul Garcia 110
49%
71 RCD Espanyol, Villareal CF Yes (2014-2023) Gerard Moreno 105
48%
64 Real Madrid No (2006-2013) Gonzalo Higuain 107
48%
38 Real Madrid, CA Osasuna, Getafe CF, Valencia CF, Villareal CF, Grenade CF, Levante UD Yes (2005-2023) Roberto Soldado 129
40%
40 UD Almeira, Sevilla FC, Valencia CF, Cadiz CF Yes (2007-2023) Alvaro Negredo 128
38%
41 Racing Santander, Real Madrid No (1952-1971) Francisco Gento 128
35%
78 Sporting Gijon, Real Madrid, Barcelona No (1989-2004) Luis Enrique 102
33%
3 Athletic Club No (1940-1955) Telmo Zarra 251
32%
73 Real Valladolid, Real Madrid No (1987-2003) Fernando Hierro 105
25%
56 Sevilla FC, Real Madrid No (1991-1999) Davon Suker 114
23%
49 Real Madrid No (1964-1980) Pirri 123
23%
12 Real Madrid No (1971-1988) Santillana 186
23%
19 Real Oviedo, Real Betis, Atletico de Madrid No (1960-1975) Luis Aragonés 160
22%
9 Sporting Gijon, Barcelona No (1970-1987) Quini 219
20%
69 Barcelona, Gimnastic de Taragona No (1939-1949) Mariano Martin 105
18%
75 Elche CF, Barcelona, RCD Espanyol No (1959-1971) Cayetano Ré 104
17%
43 Valencia CF, Hércules CF No (1976-1986) Mario Kempes 126
15%
25 RCD Espanyol, Real Sociedad, Rayo Vallecano No (1996-2013) Raul Tamudo 146
15%
31 Barcelona, RCD Espanyol No (1951-1964) Laszlo Kubala 138
14%
66 Real Zaragoza, Barcelona, RCD Espanyol No (1978-1989) Pichi Alonso 107
14%
22 Athletic Club, Atletico de Madrid, Barcelona, Deportivo La Coruña, Sporting Gijon, Deportivo Alaves No (1982-2000) Julio Salinas 152
12%
51 Real Madrid No (1962-1976) Amancio 119
11%
59 Elche CF, Hercules CF, Real Murcia, Atletico de Madrid, Real Oviedo No (1984-1996) Carlos 111
10%
81 Athletic Club No (1992-2006) Julen Guerrero 101
10%
82 CD Tenerife, Deportivo la Coruña No (1997-2003) Roy Maakay 100
9%
8 Granada CF, Barcelona, Cultural Leonesa, Elche CF No (1941-1960) César 223
7%
35 Albacete Balompié, Celta Vigo, Rayo Vallecano, RCD Espanyol, Athletic Club No (1991-2007) Ismael Urzaiz 131
7%
30 Real Sociedad, Barcelona No (1980-1997) José Maria Bakero 139
6%
37 Valencia CF, Atletico de Madrid, SD Compostela, Celta Vigo No (1989-1999) Liouboslav Penev 129
6%
24 Athletic Club No (1974-1986) Dani 147
5%
10 Celta Vigo, Real Madrid, Deportivo La Coruña No (1943-1956) Pahiño 210
5%
58 Real Sociedad, Atletico de Madrid, Real Madrid No (1975-1989) Roberto Lopez Ufarte 112
5%
63 Valencia CF No (1983-1998) Fernando 108
4%
74 Real Oviedo No (1933-1948) Isidro Langara 104
4%
11 Valencia CF, CD Alcoyano No (1939-1951) Mundo 195
4%
68 Athletic Club No (1929-1936) Bata 105
3%
16 Athletic Club, Valencia CF No (1929-1946) Guillermo Gorostiza 178
3%
33 Real Sociedad No (1973-1986) Jesus Maria Satrustegui 133
3%
44 Athletic Club No (1939-1955) José Luis Panizo 126
3%
14 Sevilla FC No (1943-1959) Juan Arza 182
3%
77 Athletic Club, CD Logroñés No (1976-1991) Manuel Sarabia 102
3%
50 Athletic Club No (1940-1959) Piru Gainza 120
3%
27 Valencia CF, Real Sociedad No (1941-1956) Silvestre igoa 141
3%
23 Atletico de Madrid No (1945-1958) Adrian Escudero 150
2%
32 Athletic Club No (1951-1966) Eneko Arieta 136
2%
46 Valencia CF, Real Sociedad No (1940-1955) Epi 124
2%
36 Real Oviedo, Real Betis, Valencia CF, Real Sociedad No (1959-1975) Fernando Ansola 130
2%
80 Sevilla FC No (1934-1946) Guillermo Campanal 101
2%
70 Celta Vigo No (1945-1955) Hermidita 105
2%
45 Real Oviedo, Barcelona No (1933-1950) Herrerita 125
2%
34 Real Valladolid, Real Zaragoza No (1954-1964) Joaquin Murillo 132
2%
60 CA Osasuna, Athletic Club No (1987-2001) José Angel Ziganda 111
2%
62 Atletico de Madrid No (1966-1977) José Eulogio Garate 109
2%
55 RCD Espanyol, Atletico de Madrid No (1942-1955) José Juncosa 114
2%
67 Athletic Club No (1950-1964) José Luis Artexte 107
2%
29 Sevilla FC No (1945-1956) Juan Araujo 139
2%
28 CD Castellon, Barcelona, Valencia CF, Real Valladolid, Sporting Gijon No (1946-1959) Manuel Badenes 139
2%
72 Real Sociedad, Barcelona, CD Tenerife, Deportivo Alaves No (1991-2000) Meho Kodro 105
2%
42 Atletico de Madrid, Sporting Gijon No (1939-1953) Paco Campos 127
2%
57 Real Sociedad, Atletico de Madrid, Athletic Club, Deportivo la Coruña No (1979-1992) Pedro Uralde 112
2%
53 Real Madrid, RCD Espanyol No (1970-1983) Rafael Marañon 116
2%
79 Athletic Club, Real Betis No (1928-1942) Victon Unamuno 101
2%
54 Valencia CF No (1961-1970) Waldo Machado 115
2%
No matching quizzes found
Score Distribution
Percent of People with Each Score
Percentile by Number Answered
Your Score History
You have not taken this quiz